| 000 | 00571nam a22001697a 4500 | ||
|---|---|---|---|
| 008 | 150728b xxu||||| |||| 00| 0 eng d | ||
| 020 | _a0718808967 | ||
| 050 |
_aG2230 _b.R68 1965 |
||
| 100 | _aRowley, Harold Henry, | ||
| 245 |
_aStudent's Bible atlas _cedited by H. H. Rowley. Cartography by John Callow and Cedric E. Bush. |
||
| 260 |
_aCleveland; _bLutterworth Press; _c[1965] |
||
| 300 |
_a24 p. : _bcol. illus., 24 col. maps, _c25 cm. |
||
| 650 |
_aBible _vMaps. _xGeography |
||
| 700 |
_aCallow, John, _d1933- |
||
| 700 | _aBush, Cedric E. | ||
| 942 |
_2lcc _cBK |
||
| 999 |
_c44983 _d44983 |
||